000 00693nam a2200217Ia 4500
003 GCL
008 140319s9999 xx 000 0 ara d
040 _aGCL /
_cGCL
082 0 4 _a953.0724
_bع د
100 1 _aعبدالحليم عويس
245 1 0 _aدولة بنى حماد : صفحة رائعة من التاريخ الجزائرى /
_cعبدالحليم عويس
260 _a[S.N] :
_bدار الصحوه للنشر والتوزيع ،
_c1991
300 _a311 ص
490 _a
650 0 4 _aتاريخ
650 0 4 _aالتاريخ الاسلامى
650 0 4 _aالجزائر
650 0 4 _aفتح شمال افريقيا
650 0 4 _aبنو حماد
942 _2ddc
_cBK
999 _c35201
_d35201